header

Law and ethnic plurality (Record no. 7881)

MARC details
000 -LEADER
fixed length control field 02264nam a22003734a 4500
001 - CONTROL NUMBER
control field ebr10270730
003 - CONTROL NUMBER IDENTIFIER
control field CaPaEBR
006 - FIXED-LENGTH DATA ELEMENTS--ADDITIONAL MATERIAL CHARACTERISTICS--GENERAL INFORMATION
fixed length control field m u
007 - PHYSICAL DESCRIPTION FIXED FIELD--GENERAL INFORMATION
fixed length control field cr cn|||||||||
008 - FIXED-LENGTH DATA ELEMENTS--GENERAL INFORMATION
fixed length control field 070924s2007 ne sb 001 0 eng
010 ## - LIBRARY OF CONGRESS CONTROL NUMBER
Canceled/invalid LC control number 2007039637
020 ## - INTERNATIONAL STANDARD BOOK NUMBER
Cancelled/invalid ISBN 9789004162457 (hardback : alk. paper)
040 ## - CATALOGING SOURCE
Original cataloging agency CaPaEBR
Transcribing agency CaPaEBR
035 ## - SYSTEM CONTROL NUMBER
System control number (OCoLC)646788945
043 ## - GEOGRAPHIC AREA CODE
Geographic area code e------
-- e-uk---
050 14 - LIBRARY OF CONGRESS CALL NUMBER
Classification number KJC5144.M56
Item number L369 2007eb
082 04 - DEWEY DECIMAL CLASSIFICATION NUMBER
Classification number 340/.115
Edition number 22
245 00 - TITLE STATEMENT
Title Law and ethnic plurality
Medium [electronic resource] :
Remainder of title socio-legal perspectives /
Statement of responsibility, etc edited by Prakash Shah.
260 ## - PUBLICATION, DISTRIBUTION, ETC. (IMPRINT)
Place of publication, distribution, etc Leiden ;
-- Boston :
Name of publisher, distributor, etc Martinus Nijhoff Publishers,
Date of publication, distribution, etc 2007.
300 ## - PHYSICAL DESCRIPTION
Extent viii, 239 p.
490 1# - SERIES STATEMENT
Series statement Immigration and asylum law and policy in Europe ;
Volume number/sequential designation vol. 13
504 ## - BIBLIOGRAPHY, ETC. NOTE
Bibliography, etc Includes bibliographical references (p. 215-230) and index.
505 0# - FORMATTED CONTENTS NOTE
Formatted contents note On cultural diversity : the importance of normative foundations for legal responses -- Immigration, diversity, and integration : the limits of EU law -- Changes in drugs policy and practice : implications for the Black Community -- Common law and common sense : juries, justice, and the challenge of ethnic plurality -- Artistic license, free speech, and religious sensibilities in a multicultural society -- Planning law and mosque development : the politics of religion and residence in Birmingham -- Alternative dispute resolution in a diasporic Muslim community in Britain -- Rituals of recognition : ethnic minority marriages in British legal systems -- Ethnicity and the senior judiciary in England and Wales.
533 ## - REPRODUCTION NOTE
Type of reproduction Electronic reproduction.
Place of reproduction Palo Alto, Calif. :
Agency responsible for reproduction ebrary,
Date of reproduction 2013.
Note about reproduction Available via World Wide Web.
-- Access may be limited to ebrary affiliated libraries.
650 #0 - SUBJECT ADDED ENTRY--TOPICAL TERM
Topical term or geographic name as entry element Minorities
General subdivision Legal status, laws, etc.
Geographic subdivision Europe.
Topical term or geographic name as entry element Minorities
General subdivision Legal status, laws, etc.
Geographic subdivision Great Britain.
651 #0 - SUBJECT ADDED ENTRY--GEOGRAPHIC NAME
Geographic name Europe
General subdivision Ethnic relations.
Geographic name Great Britain
General subdivision Ethnic relations.
655 #7 - INDEX TERM--GENRE/FORM
Genre/form data or focus term Electronic books.
Source of term local
700 1# - ADDED ENTRY--PERSONAL NAME
Personal name Shah, Prakash.
710 2# - ADDED ENTRY--CORPORATE NAME
Corporate name or jurisdiction name as entry element ebrary, Inc.
830 #0 - SERIES ADDED ENTRY--UNIFORM TITLE
Uniform title Immigration and asylum law and policy in Europe ;
Volume number/sequential designation vol. 13.
856 40 - ELECTRONIC LOCATION AND ACCESS
Uniform Resource Identifier <a href="http://site.ebrary.com/lib/rucke/Doc?id=10270730">http://site.ebrary.com/lib/rucke/Doc?id=10270730</a>
Public note An electronic book accessible through the World Wide Web; click to view

No items available.

© 2026 Rongo University
Contact us: librarian | system librarian | Rongo university